Historiae litterarum romanarum brevis enarratio

Guardat en:
Dades bibliogràfiques
Autor principal: Lobeck, Justus Florianus (autor)
Format: Llibre
Idioma:espanyol
Publicat: Roma Jacobopoli Chilenorum 1884
Matèries:
Etiquetes: Afegir etiqueta
Sense etiquetes, Sigues el primer a etiquetar aquest registre!

MARC

LEADER 00000nam a2200000 a 4500
001 UCH8888
003 CL-VaPUC
008 091217e18840000IT |||||||||||||||||spa|d
082 0 4 |a 870  |b LOB  |2 21 
100 |a Lobeck, Justus Florianus  |e autor  |9 545618 
245 1 0 |a Historiae litterarum romanarum brevis enarratio 
300 |a 194 p 
942 |c BK 
945 |d 20091217 00:00:00  |a rbrito 
260 |a Roma  |b Jacobopoli Chilenorum  |c 1884 
650 0 |a Literatura romana  |9 344825 
583 |a last modification  |c 20091217 00:00:00  |k Rodrigo Vera 
999 |c 338969  |d 338967 
952 |0 0  |1 0  |4 0  |6 870_000000000000000_LOB_1884  |7 0  |8 X  |9 432281  |a FDOBUD  |b FDOBUD  |d 2019-11-22  |i 4617584  |o 870 LOB 1884  |p 4617584  |r 2019-11-22  |w 2019-11-22  |y BK_X  |k BUD